| 000 | 00820nam a2200217Ii 4500 | ||
|---|---|---|---|
| 003 | JO-AjNU | ||
| 008 | 230605s9999||||xx |||||||||||||| ||und|| | ||
| 040 |
_aJO-AjNU _bara _erda _cJO-AjNU |
||
| 041 | _aara | ||
| 050 | 1 | 4 | _aBP166.23.S2238 1999 |
| 100 | 3 |
_aالسعدي، داود سلمان, _eauthor _936511 |
|
| 245 | 0 | 0 | _aأسرار خلق الإنسان العجائب في الصلب والترائب |
| 250 | _aط2 | ||
| 264 | 3 | 1 | _aبيروت: دار الحرف العربي للطباعة والنشر والتوزيع، 1999 |
| 300 | _a224ص | ||
| 336 |
_atext _btxt _2rdacontent |
||
| 337 |
_aunmediated _bn _2rdamedia |
||
| 338 |
_avolume _bnc _2rdacarrier |
||
| 490 | 0 | _aمن أسرار القرآن والكون والانسان | |
| 650 | 4 |
_aالانسان- الخلق- القرآن- اعجاز _936512 |
|
| 999 |
_aA15176 _c18744 _d18744 |
||